00000000nam##2200000za#4500
0019.686803
003CaOODSP
00520210624230709
007cr |||||||||||
008150407|2003||||xxc|||||o    f|0| 0 eng|d
040 |aCaOODSP|beng
043 |an-cn---
0861 |aSC94-103/2003E-IN
1101 |aCanada.|bCanadian Centre for Management Development.
24510|aMaking transitions work : |h[electronic resource]|bintegrating external executives into the Federal Public Service / |cArthur Kroeger and Jeff Heynen
260 |aOttawa - Ontario : |bCanadian Centre for Management Development |c2003.
300 |a34p.
500 |aThe catalogue number and the ISBN for the print edition have been incorrectly printed in this electronic edition.
504 |aBibliography.
5203 |aThis report looks at the benefits and costs of bringing private-sector executives into senior levels of the public service, focusing on the importance of effective transitions. It identifies the challenges facing external executives entering the unfamiliar culture of the federal government, and explains the differences between the public and private sectors, as well as between the federal and provincial levels of government. The authors make recommendations to improve the integration process, from selection to continuing support.
546 |aText in English.
590 |a04-01|b2004-01-02
69007|aExecutives|2gcpds
69007|aPersonnel management|2gcpds
69007|aPublic service|2gcpds
69007|aRecruiting|2gcpds
7201 |aKroeger, Arthur
7201 |aHeynen, Jeff
77508|tDes transitions réussies : |w(CaOODSP)9.631266
7760#|tMaking transitions work : |w(CaOODSP)9.665059
7760#|tDes transitions réussies : |w(CaOODSP)9.665060
85640|ahttp://publications.gc.ca|qPDF|s409 Ko|uhttps://publications.gc.ca/collections/Collection/SC94-103-2003E.pdf